Russian drawings, 18th to early 20th century / (Record no. 27321)

000 -LEADER
fixed length control field 01459cam a2200337 a 4500
001 - CONTROL NUMBER
control field 2473997
003 - CONTROL NUMBER IDENTIFIER
control field OSt
005 - DATE AND TIME OF LATEST TRANSACTION
control field 20170208094853.0
008 - FIXED-LENGTH DATA ELEMENTS--GENERAL INFORMATION
fixed length control field 900209s1989 ru af bc 000 0 eng
010 ## - LIBRARY OF CONGRESS CONTROL NUMBER
LC control number 90115891
020 ## - INTERNATIONAL STANDARD BOOK NUMBER
International Standard Book Number 5730002599
040 ## - CATALOGING SOURCE
Original cataloging agency DLC
Transcribing agency DLC
Modifying agency DLC
043 ## - GEOGRAPHIC AREA CODE
Geographic area code e-ur-ru
050 00 - LIBRARY OF CONGRESS CALL NUMBER
Classification number NC267
Item number .R86 1989
082 00 - DEWEY DECIMAL CLASSIFICATION NUMBER
Classification number 741.947/074/47
Edition number 20
245 00 - TITLE STATEMENT
Title Russian drawings, 18th to early 20th century /
Statement of responsibility, etc. [introduction by Gleb Pospelov ; selection by Julia Zabrodina ... et al. ; translated from the Russian by Anna Staros].
260 ## - PUBLICATION, DISTRIBUTION, ETC. (IMPRINT)
Place of publication, distribution, etc. Leningrad :
Name of publisher, distributor, etc. Aurora Art Publishers ;
Place of publication, distribution, etc. Chicago, Ill. :
Name of publisher, distributor, etc. Imported by Imported Publications,
Date of publication, distribution, etc. c1989.
300 ## - PHYSICAL DESCRIPTION
Extent 35, [161] p. of plates :
Other physical details chiefly ill. (some col.) ;
Dimensions 33 cm.
500 ## - GENERAL NOTE
General note Title on colophon: Russkiĭ risunok XVIII-nachala XX veka.
504 ## - BIBLIOGRAPHY, ETC. NOTE
Bibliography, etc Includes bibliographical references (p. [36]).
650 #0 - SUBJECT ADDED ENTRY--TOPICAL TERM
Topical term or geographic name as entry element Drawing, Russian
General subdivision Catalogs.
700 1# - ADDED ENTRY--PERSONAL NAME
Personal name Pospelov, G. G.
700 1# - ADDED ENTRY--PERSONAL NAME
Personal name Zabrodina, I︠U︡. M.
Fuller form of name (I︠U︡lii︠a︡ Mikhaĭlovna)
700 1# - ADDED ENTRY--PERSONAL NAME
Personal name Staros, Anna.
740 0# - ADDED ENTRY--UNCONTROLLED RELATED/ANALYTICAL TITLE
Uncontrolled related/analytical title Russkiĭ risunok 18.-nachala 20. veka.
740 0# - ADDED ENTRY--UNCONTROLLED RELATED/ANALYTICAL TITLE
Uncontrolled related/analytical title Russkiĭ risunok vosemnadt︠s︡atogo-nachala dvadt︠s︡atogo veka.
906 ## - LOCAL DATA ELEMENT F, LDF (RLIN)
a 7
b cbc
c orignew
d 2
e ncip
f 19
g y-gencatlg
942 ## - ADDED ENTRY ELEMENTS (KOHA)
Source of classification or shelving scheme
Koha item type Hard Covered Materials
Classification part NC 267 .R86 1989
Holdings
Withdrawn status Lost status Source of classification or shelving scheme Damaged status Not for loan Home library Current library Shelving location Date acquired Source of acquisition Total Checkouts Full call number Barcode Date last seen Price effective from Koha item type
          MACHAKOS UNIVERSITY LIBRARY MACHAKOS UNIVERSITY LIBRARY Technical section 08/02/2017 Donation (BFA)   NC 267 .R86 1989 34946 12/07/2018 08/02/2017 Hard Covered Materials
© Machakos University Library, Along The Highway, Machakos Wote Rd, Machakos, Kenya P.O. Box 136 - 90100 Machakos - Kenya

Tel: ( +254 ) 723 805829 OR Fax : 044-20353 OR Email: library@mksu.ac.ke